000 00362nam a22001577a 4500
005 20230829160908.0
008 230829b |||||||| |||| 00| 0 eng d
020 _a9781788542999
041 _aEng
082 _a891.46
100 _aLesley Thomson
_9204481
245 _aGhost Girl
260 _aLondon
_bHead of Zeus
_c2018
300 _a466P
942 _cCB
999 _c355991
_d355991